Nasir Kazmi: Shakhsiyat aur fun / (Record no. 614332)
[ view plain ]
| 000 -LEADER | |
|---|---|
| fixed length control field | 00648nam a22001937a 4500 |
| 020 ## - INTERNATIONAL STANDARD BOOK NUMBER | |
| International Standard Book Number | 9693521757 |
| 082 ## - DEWEY DECIMAL CLASSIFICATION NUMBER | |
| Classification number | 891.4391 |
| Author Mark | QAS |
| 100 ## - MAIN ENTRY--PERSONAL NAME | |
| Personal name | Qasmi, Naheed, |
| 245 ## - TITLE STATEMENT | |
| Title | Nasir Kazmi: Shakhsiyat aur fun / |
| Statement of responsibility, etc. | Dr. Naheed Qasmi. |
| 260 ## - PUBLICATION, DISTRIBUTION, ETC. | |
| Place of publication, distribution, etc. | Lahore : |
| Name of publisher, distributor, etc. | Sang-e-Meel Publications, |
| Date of publication, distribution, etc. | 2008. |
| 300 ## - PHYSICAL DESCRIPTION | |
| Extent | 224p. |
| 563 ## - BINDING INFORMATION | |
| Binding note | HB |
| 650 ## - SUBJECT ADDED ENTRY--TOPICAL TERM | |
| Topical term or geographic name entry element | History and criticism |
| 650 ## - SUBJECT ADDED ENTRY--TOPICAL TERM | |
| Topical term or geographic name entry element | Biography. |
| 880 ## - ALTERNATE GRAPHIC REPRESENTATION | |
| Linkage | 100-01\(3\r |
| Title | ناصر کاظمی :شخصیت اور فن / |
| 880 ## - ALTERNATE GRAPHIC REPRESENTATION | |
| Linkage | 100-02\(3\r |
| Title | ڈاکٹر ناہید قاسمی۔ |
| 880 ## - ALTERNATE GRAPHIC REPRESENTATION | |
| Linkage | 100-03\(3\r |
| Title | لاہور : |
| b | سنگ میل پبلیکیشنز، |
| c | 2008. |
| 942 ## - ADDED ENTRY ELEMENTS (KOHA) | |
| Source of classification or shelving scheme | |
| Koha item type | Book |
| 650 ## - SUBJECT ADDED ENTRY--TOPICAL TERM | |
| -- | 129771 |
| 650 ## - SUBJECT ADDED ENTRY--TOPICAL TERM | |
| -- | 461 |
| Withdrawn status | Lost status | Source of classification or shelving scheme | Damaged status | Not for loan | Permanent Location | Current Location | Shelving location | Date acquired | Source of acquisition | Total Checkouts | Full call number | Barcode | Date last seen | Price effective from | Koha item type |
|---|---|---|---|---|---|---|---|---|---|---|---|---|---|---|---|
| Central Library (CL) | Central Library (CL) | Urdu Literature | 07/13/2025 | Donation | 891.4391 QAS | CL-D-2837 | 07/13/2025 | 07/13/2025 | Book |
